Class counts : (Record no. 19345)

000 -LEADER
fixed length control field 00861cam a22002654a 4500
020 ## - INTERNATIONAL STANDARD BOOK NUMBER
ISBN 9780742547353 (cloth : alk. paper)
020 ## - INTERNATIONAL STANDARD BOOK NUMBER
ISBN 0742547353 (cloth : alk. paper)
020 ## - INTERNATIONAL STANDARD BOOK NUMBER
ISBN 9780742547421 (pbk. : alk. paper)
020 ## - INTERNATIONAL STANDARD BOOK NUMBER
ISBN 0742547426 (pbk. : alk. paper)
040 ## - CATALOGING SOURCE
Transcribing agency DLC
082 00 - DEWEY DECIMAL CLASSIFICATION NUMBER
Classification number 305 SAH 2007 C165 Or.
100 1# - MAIN ENTRY--AUTHOR NAME
Personal name Ornstein, Allan C.
245 10 - TITLE STATEMENT
Title Class counts :
Remainder of title education, inequality, and the shrinking middle class /
260 ## - PUBLICATION, DISTRIBUTION, ETC. (IMPRINT)
Place of publication Lanham, MD :
Name of publisher Rowman & Littlefield Pub. Group, Inc.,
Year of publication c2007.
300 ## - PHYSICAL DESCRIPTION
Number of Pages xiii, 357 p. ;
Dimensions 24 cm.
650 #0 - SUBJECT ADDED ENTRY--TOPICAL TERM
Topical Term Social classes
650 #0 - SUBJECT ADDED ENTRY--TOPICAL TERM
Topical Term Poverty
650 #0 - SUBJECT ADDED ENTRY--TOPICAL TERM
Topical Term Wealth
650 #0 - SUBJECT ADDED ENTRY--TOPICAL TERM
Topical Term Education, Higher
650 #0 - SUBJECT ADDED ENTRY--TOPICAL TERM
Topical Term Middle class
650 #0 - SUBJECT ADDED ENTRY--TOPICAL TERM
Topical Term Elite (Social sciences)
650 #0 - SUBJECT ADDED ENTRY--TOPICAL TERM
Topical Term Power (Social sciences)
856 41 - ELECTRONIC LOCATION AND ACCESS
Uniform Resource Identifier http://www.loc.gov/catdir/toc/ecip071/2006030859.html
942 ## - ADDED ENTRY ELEMENTS (KOHA)
Koha item type ADB
952 ## - LOCATION AND ITEM INFORMATION (KOHA)
Withdrawn status [LOCAL, KOHA] 0
Holdings
Source of acquisition Permanent Location Date acquired Koha item type Lost status Shelving location Current Location Full call number
a38899Library Block C2020-09-28សៀវភៅភាសាអង់គ្លេស C165Library Block C305 SAH 2007 C165 Or.
មជ្ឈមណ្ឌលឯការនៃសាកលវិទ្យាល័យភូមិន្ទកសិកម្មចំការដូង

Powered by Koha